Type the Asian Countries - Statistics

General Stats
  • This quiz has been taken 443 times
  • The average score is 39 of 48
Answers on the Map
Answers color-coded by a green-red scale on the quiz's map according to % correct below.
 
Answer Stats
Answer % Correct
China
98%
India
96%
Japan
96%
South Korea
96%
North Korea
95%
Mongolia
92%
Pakistan
92%
Iran
91%
Turkey
91%
Vietnam
91%
Saudi Arabia
89%
Thailand
89%
Indonesia
88%
Iraq
88%
Kazakhstan
87%
Yemen
87%
Nepal
86%
Israel
85%
Philippines
85%
United Arab Emirates
85%
Oman
84%
Afghanistan
83%
Laos
82%
Taiwan
82%
Cambodia
81%
Qatar
80%
Singapore
80%
Sri Lanka
80%
Malaysia
79%
Bangladesh
78%
Georgia
78%
Myanmar
78%
Bhutan
77%
Jordan
77%
Syria
77%
Uzbekistan
77%
Armenia
75%
Azerbaijan
75%
Tajikistan
73%
Turkmenistan
73%
Lebanon
72%
Kuwait
69%
Bahrain
68%
Cyprus
68%
Kyrgyzstan
68%
Maldives
63%
East Timor
60%
Brunei
58%
No matching quizzes found
Score Distribution
Percent of People with Each Score
Percentile by Number Answered
Your Score History
You have not taken this quiz